|
|
|
|
| LEADER |
01046ppm a22002538a 4500 |
| 001 |
00040578 |
| 005 |
20171212091201.0 |
| 008 |
150323s2014 ||||||viesd |
| 041 |
0 |
# |
|a Chi
|
| 082 |
1 |
4 |
|a 330.959 789
|b NGH305C
|
| 100 |
1 |
# |
|a Phạm, Thị Kim Chi
|
| 245 |
0 |
0 |
|a Nghiên cứu cơ chế mua sắm đấu thầu tại trường Đại Học Đồng Tháp
|b Luận văn thạc sĩ Khoa học . Chuyên ngành: Quản lý khoa học và Kỹ thuật
|c Phạm Thị Kim Chi; Phương Sói (hướng dẫn)
|
| 260 |
# |
# |
|c 2017
|a Trung Quốc
|b Đại học Bưu điện Trùng Khánh
|
| 300 |
# |
# |
|a 77tr. +phụ lục
|c 30cm.
|
| 653 |
# |
# |
|a Giáo dục
|
| 653 |
# |
# |
|a Luận Văn
|
| 653 |
# |
# |
|a Đại học Đồng Tháp
|
| 653 |
# |
# |
|a Việt Nam
|
| 653 |
# |
# |
|a Mua sắm
|
| 653 |
# |
# |
|a Nghiên cứu
|
| 700 |
1 |
# |
|a Phương Sói
|e hướng dẫn
|
| 852 |
# |
# |
|j LV.0001338
|
| 910 |
|
|
|d 12/12/2017
|
| 980 |
# |
# |
|a Trung tâm Học liệu Lê Vũ Hùng, Trường Đại học Đồng Tháp
|